Long Words Fast Typing Quiz - Statistics

General Stats
  • This quiz has been taken 239 times
    231 since last reset
  • The average score is 4 of 6
Answer Stats
The Word Now type it! % Correct
supercalifragilisticexpialidocious supercalifragilisticexpialidocious
96%
pneumonoultramicroscopicsilicovolcanoconiosis pneumonoultramicroscopicsilicovolcanoconiosis
95%
pseudopseudohypoparathyroidism pseudopseudohypoparathyroidism
77%
floccinaucinihilipilification floccinaucinihilipilification
69%
honorificabilitudinitatibus honorificabilitudinitatibus
55%
antidisestablishmentarianism antidisestablishmentarianism
53%
No matching quizzes found
Score Distribution
Percent of People with Each Score
Percentile by Number Answered
Your Score History
You have not taken this quiz since the last reset